000
00315nam a2200133Ia 4500
008
220613s9999||||xx |||||||||||||| ||und||
100
_a
diana hamilton f
245
0
_a
lecture notes obstetrics and gynaecology
250
_a
3rd
260
_b
wiley blachwell
300
_a
366
650
_a
Maternity
942
_c
NURS
999
_c
8721
_d
8721